|
|
|
|
| LEADER |
00876nam a2200241 a 4500 |
| 001 |
c000310612 |
| 003 |
CARM |
| 005 |
00000000000000.0 |
| 008 |
s1984 ctuab 00100 eng d |
| 019 |
1 |
|
|a 4664446
|5 LACONCORD2021
|
| 020 |
|
|
|a 0879675225
|
| 035 |
|
|
|a (OCoLC)11037583
|5 LACONCORD2021
|
| 082 |
0 |
4 |
|a 327.09
|2 19
|
| 245 |
0 |
0 |
|a World politics 84/85 /
|c Suzanne P. Ogden, editor.
|
| 260 |
|
|
|a Guilford, Conn. :
|b Dushkin Pub. Group,
|c 1984.
|
| 300 |
|
|
|a 273 p. :
|b ill., maps ;
|c 28 cm.
|
| 490 |
0 |
|
|a Annual editions ;
|
| 500 |
|
|
|a Includes index.
|
| 650 |
|
0 |
|a World politics
|y 1975-1985.
|
| 700 |
1 |
0 |
|a Ogden, Suzanne Peckham,
|d 1942-
|
| 852 |
8 |
|
|b CARM
|h A3:AI03C0
|i F07593
|p 0473359
|f BK
|
| 999 |
f |
f |
|i ffe4691c-19e4-5d71-a104-ffb242955078
|s 126ab94d-b1ed-5e3e-b702-fed9a72103b9
|
| 952 |
f |
f |
|p Can circulate
|a CAVAL
|b CAVAL
|c CAVAL
|d CARM 1 Store
|e F07593
|f A3:AI03C0
|h Other scheme
|i book
|m 0473359
|